00986nam a2200205 i 450000100060000000300090000600500170001500700030003200800410003510000290007624501290010526000680023430000210030253000350032365000520035885200780041085601350048899900170062395201400064051942ES-MaACL20230906162457.0t|030821s1897 sp |||| | spa d1 aChicote, César.93849413aEl saneamiento de San Sebastián b: informe de un anteproyecto de saneamiento de la parte antigua / cpor César Chicote. aSan Sebastián : b[s.n.], c1897 (fImp. de J. Baroja e Hijo) a25 p. ; c27 cm. aDisponible en formato digital. 4aSalubridad pública-zSan Sebastián.9166318 aES-MaACLjR-1748(3) z- Encuadernado con otras obras x Olim : T-651-F uhttp://bibliotecavirtual.ranf.com/i18n/consulta/registro.cmd?id=11115zBiblioteca Virtual de la Real Academia Nacional de Farmacia c51942d51942 001040708Colección_digitalaATENEOMbATENEOMcDEPOd2008-01-17eSCl0oR-1748(3)p1054613r2023-02-23 00:00:00w2023-02-23yMONANT